| 000 | 00542nam a2200181Ia 4500 | ||
|---|---|---|---|
| 008 | 191130s2011##################000#0#eng## | ||
| 020 | _a9780077327996 | ||
| 040 |
_aACL _cACL |
||
| 082 | _a650.01513 SLA | ||
| 100 | _aSlater, Jeffrey | ||
| 245 |
_aBusiness math handbook to accompany practical business math procedures _cJeffrey Slater |
||
| 250 | _a10th ed | ||
| 260 |
_aNew York _bMcGraw-Hill / Irwin _c2011 |
||
| 300 | _a46 p. ; 30 cm. | ||
| 990 | _ac08d00eeac10000c0aa384d0ebec34cb | ||
| 991 | _a356752 | ||
| 999 |
_c249261 _d249261 |
||